| 000 | 00675aam a2200265 4500 | ||
|---|---|---|---|
| 005 | 20240809134252.0 | ||
| 008 | 150615b xxu||||| |||| 00| 0 spa d | ||
| 020 | _a9968970050 | ||
| 041 | _aESP | ||
| 082 | _a782.4 B562c | ||
| 100 |
_aBetancourt Plasencia, Helia _925444 |
||
| 100 |
_aCohen, Henry _925445 |
||
| 100 |
_aFernández, Carlos _925446 |
||
| 245 | _aCancionero y romancero general de Costa Rica | ||
| 260 | _aCosta Rica | ||
| 260 | _bSan Judas Tadeo | ||
| 260 | _c1999 | ||
| 300 | _a502 páginas | ||
| 650 | _aCOSTA RICA | ||
| 650 | _aCANCIONEROS | ||
| 650 | _aCANCIONES COSTARRICENSES | ||
| 650 | _aHISTORIA | ||
| 942 |
_cBK _2ddc |
||
| 999 |
_c1340 _d1340 |
||